000 01043nam a22003137a 4500
003 CHAP
005 20220329143454.0
008 091130s2005 mx a r 00010 spa d
010 _a97164
011 _a98136
020 _a9789709833614
035 _a108819
040 _cCHAP
082 0 0 _a305.389814
_bAr14
100 1 _aArango Restrepo, Maria Clara.
_96517
245 1 0 _aCurso taller sobre :
_bel derecho a la no discriminación de las personas con VIH-SIDA
_c/por María Clara Arango Restrepo
260 _aMéxico D.F. :
_bCONAPRED,
_c2005
300 _a163 p. :
_bilus.
590 _aBATCH-UPD
_b10
_c20130110
_lUCH01
_h1620
590 _aBATCH-UPD
_b10
_c20130410
_lUCH01
_h1014
590 _aBATCH-UPD
_b10
_c20130914
_lUCH01
_h1144
590 _aCONVERSION
_b10
_c20130109
_lUCH01
_h1354
650 1 4 _aDerechos humanos.
_931916
650 1 4 _aDiscriminación.
_932713
650 1 4 _aSIDA (Enfermedad)
_9105806
901 _aBK
942 _cLIBRO
949 _a305.389814 Ar14
_bBC
_cLIBRO
_d33724002128941
_eLIBRO
_gI.c/e
_h111475
_i108819
_si
999 _c97164
_d97164